000 00570nam a2200145Ia 4500
008 151213s9999 xx 000 0 und d
100 _aশাহিনূও রহমান।
245 _aপরিপ্রেক্ষিত সমালোচনা।
_cশাহিনূও রহমান।
260 _aঢাকা
_bওপেন স্টাডিজ।
_c1996
300 _a8827 p.
650 _aBangla
650 _aসমালোচনা ইংরেজী সাহিত্য।
700 _aশাহিনূও রহমান।
999 _c4612
_d4612